An introduction to research design.

Dr Eric Jensen and Dr Charles Laurie discuss research design and offer tips for the process. Research design involves the creation of a road map to keep the research on track and to not get sidetracked. Jensen and Laurie discuss developing and operationalizing a research question.

Bibliographic Details
Format: Video
Language:English
Language Notes:Closed-captions in English.
Published: London, United Kingdom : SAGE Publications Ltd, 2017.
Subjects:
Online Access:Connect to this streaming video

MARC

Tag First Indicator Second Indicator Subfields
LEADER 00000cgm a2200000Mi 4500
001 in00005515214
006 m o c
007 vz |za|u|
007 cr |za||||||||
008 161013s2017 enk009 f o vueng d
005 20241105202956.1
035 |a (OCoLC)ocn968208361 
040 |a UAB  |b eng  |e rda  |e pn  |c UAB  |d OCLCO  |d OCLCF  |d OCLCQ  |d OCLCO  |d SGPBL  |d OCLCQ  |d INT  |d CEF  |d OCLCQ  |d OCLCA  |d AGL  |d K6U  |d OCLCO 
019 |a 1055258530  |a 1057426620  |a 1058480589  |a 1086987508 
020 |a 9781473992306  |q (streaming video) 
020 |a 1473992303  |q (streaming video) 
035 |a (OCoLC)968208361  |z (OCoLC)1055258530  |z (OCoLC)1057426620  |z (OCoLC)1058480589  |z (OCoLC)1086987508 
041 0 |j eng 
050 4 |a H62 
070 0 |a H62  |b .I587 2017 
082 0 4 |a 300.72  |2 23 
049 |a TXAM 
245 0 3 |a An introduction to research design. 
264 1 |a London, United Kingdom :  |b SAGE Publications Ltd,  |c 2017. 
300 |a 1 online resource (1 video file (9 min., 47 sec.)) :  |b sound, colour 
336 |a two-dimensional moving image  |b tdi  |2 rdacontent 
337 |a computer  |b c  |2 rdamedia 
338 |a online resource  |b cr  |2 rdacarrier 
347 |a video file  |2 rda 
511 0 |a Presenters, Eric Jensen, Charles Laurie. 
520 8 |a Dr Eric Jensen and Dr Charles Laurie discuss research design and offer tips for the process. Research design involves the creation of a road map to keep the research on track and to not get sidetracked. Jensen and Laurie discuss developing and operationalizing a research question. 
521 |a Specialized. 
546 |a Closed-captions in English. 
588 0 |a Online resource; title from home page (viewed on October 19, 2016). 
650 0 |a Social sciences  |x Research  |x Methodology. 
650 6 |a Sciences sociales  |x Recherche  |x Méthodologie. 
650 7 |a Social sciences  |x Research  |x Methodology.  |2 fast  |0 (OCoLC)fst01122961 
655 2 |a Webcast 
655 4 |a Online media. 
655 7 |a Internet videos.  |2 fast  |0 (OCoLC)fst01750214 
655 7 |a Nonfiction television programs.  |2 fast  |0 (OCoLC)fst01710270 
655 7 |a Internet videos.  |2 lcgft 
655 7 |a Nonfiction television programs.  |2 lcgft 
655 7 |a Vidéos sur Internet.  |2 rvmgf 
655 7 |a Émissions télévisées autres que de fiction.  |2 rvmgf 
700 1 |a Laurie, Charles,  |e on-screen presenter. 
856 4 0 |u http://proxy.library.tamu.edu/login?url=https://methods.sagepub.com/video/an-introduction-to-research-design  |z Connect to this streaming video  |t 0 
955 |a SAGE Research Methods Videos 2020 
994 |a 92  |b TXA 
999 f f |s b16115db-3aa7-473c-b375-47fdf0bf4a86  |i bf5f3946-b399-405d-8019-ac3d0fc71046  |t 0 
952 f f |a Texas A&M University  |b College Station  |c Electronic Resources  |d Available Online  |t 0  |e H62   |h Library of Congress classification 
998 f f |a H62   |t 0  |l Available Online